Beginning Autocad 2005/ (Record no. 2924)
[ view plain ]
| 000 -LEADER | |
|---|---|
| fixed length control field | 00680nac a22002051u 4500 |
| 020 ## - INTERNATIONAL STANDARD BOOK NUMBER | |
| International Standard Book Number | 0750667206 |
| 082 ## - DEWEY DECIMAL CLASSIFICATION NUMBER | |
| Classification number | 620.12 |
| Item number | M4599 |
| 090 ## - LOCALLY ASSIGNED LC-TYPE CALL NUMBER (OCLC); LOCAL CALL NUMBER (OCLC) | |
| -- | 2924 |
| -- | 2924 |
| 100 ## - MAIN ENTRY--PERSONAL NAME | |
| Personal name | McFarlane ,Bob. |
| 245 ## - TITLE STATEMENT | |
| Title | Beginning Autocad 2005/ |
| Remainder of title | Bob McFarlane. |
| 260 ## - PUBLICATION, DISTRIBUTION, ETC. (IMPRINT) | |
| Place of publication, distribution, etc | Great Britain:2005 |
| Name of publisher, distributor, etc | El sevier, |
| Date of publication, distribution, etc | c.2005. |
| 300 ## - PHYSICAL DESCRIPTION | |
| Extent | 406p.: |
| Other physical details | ill; |
| Dimensions | 30cm. |
| 504 ## - BIBLIOGRAPHY, ETC. NOTE | |
| Bibliography, etc | Includes Index. |
| 650 ## - SUBJECT ADDED ENTRY--TOPICAL TERM | |
| Topical term or geographic name as entry element | AutoCAD. |
| 650 ## - SUBJECT ADDED ENTRY--TOPICAL TERM | |
| Topical term or geographic name as entry element | Computer graphics. |
| 650 ## - SUBJECT ADDED ENTRY--TOPICAL TERM | |
| Topical term or geographic name as entry element | Engineering models. |
| 700 ## - ADDED ENTRY--PERSONAL NAME | |
| Personal name | McFarlane ,Bob. |
| 942 ## - ADDED ENTRY ELEMENTS (KOHA) | |
| Item type | Book - Borrowing |
| Call number prefix | 620.12M4599 |
| Withdrawn status | Item status | Damaged status | Not for loan | Home library | Current library | Shelving location | Date acquired | Source of acquisition | Total Checkouts | Total Renewals | Full call number | Barcode | Date last seen | Date last borrowed | Koha item type |
|---|---|---|---|---|---|---|---|---|---|---|---|---|---|---|---|
| Central Library | Central Library | First floor | 07/03/2012 | Purchase | 4 | 5 | 620.12 MCF | 000001169 | 15/07/2025 | 02/07/2018 | Book - Borrowing |